Name Every D1 College (Indiana) - Statistics

General Stats
  • This quiz has been taken 28 times
  • The average score is 7 of 11
Answer Stats
Hint Answer % Correct
Big 10 Indiana
100%
Missouri Valley Indiana State
92%
Big 10 Purdue
88%
Independent Notre Dame
81%
MAC Ball State
77%
Big East Butler
73%
Missouri Valley Evansville
50%
Horizon League Purdue-Fort Wayne
50%
Ohio Valley Southern Indiana
42%
Missouri Valley Valparaiso
42%
Horizon League IU Indy
27%
No matching quizzes found
Score Distribution
Percent of People with Each Score
Percentile by Number Answered
Your Score History
You have not taken this quiz